000 00967cam a2200205 4500
001 WB3811-34
008 020320n2002 000 0 eng u
035 _a(Sirsi) u117193
245 _aFarm virus inquiry plea rejected
260 _c2002
490 _aRICS Rural Faculty News
_v19 March 2002, (1)
520 _aThe High Court has ruled against a group of farmers and media organisations' claims that government should hold a public inquiry into the outbreak of foot and mouth disease. The group, included the National Farmers Union (NFU), the Country Land and Business Association (CLA) and the Countryside Alliance. CLA's comments at http://www.cla.org.uk/sources/27/171/4024954/02030HQ.htm. http://www.rics.org/ricscms/bin/show?class=News&template=/includes/shownews.html&id=2103
590 _aWB
650 _aFARMING INDUSTRY
650 _aFOOT-AND-MOUTH DISEASE
650 _aINQUIRIES
650 _aCLA
690 _aRural
_96268
942 _n0
999 _c69821
_d69821